000 00857cab a2200241 4500
001 WB3317-32
008 090401t1997 xxu||||| |||| 00| 0 eng d
035 _a(Sirsi) u78071
041 _aeng
245 _aRICS talks with ISVA
260 _c1997
350 _a0
490 _aEstates Gazette
_v(9717) 26 April 1997, 74(1)
520 _aRICS general council has voted to negotiate with the ISVA. Christopher Jonas, RICS past president, suggested that the two bodies could provide a unified voice for the industry.
650 _aCHRISTOPHER JONAS
650 _aABOUT RICS-RELATED ORGANISATIONS-INCORPORATED SOCIETY OF VALUERS AND AUCTIONEERS
650 _aMERGER
650 _aRICS
650 _aROYAL INSTITUTION OF CHARTERED SURVEYORS
690 _aMANAGEMENT-BUSINESS MANAGEMENT-PROFESSIONAL PRACTICE
942 _n0
948 _c30/04/1997
999 _c49120
_d49120